000 00598nam a2200205Ia 4500
005 20250508162139.0
008 008 250505s9999 xx 000 0 eng d
020 _a0-423-89960-0
037 _aTextual
040 _aFEDL
_beng
_cFEDL
041 _aeng
_2eng
084 _a371.92, BRE
_qFEDL
100 _aBrennan W K
_9772433
245 0 _aReading for slow learners a curriculum guide
260 _aLondon, UK
_bEvans Brothers Limited
_c1978
300 _a160p.
490 _aSchool council curriculum bulletin 7
942 _cTEXL
_h371.92, BRE
999 _c1374653
_d1374653